| 000 | 00933nam0a2200289 4500 | ||
|---|---|---|---|
| 001 | RU\NLR\BIBL_A\010753349 | ||
| 005 | 20250614093503.0 | ||
| 010 |
_a978-5-903725-74-8 _9100 |
||
| 021 |
_aRU _b2015-22595 _91345 |
||
| 035 | _a(NLR Aleph) 010753349 | ||
| 090 |
_a9950762 _c9950762 |
||
| 100 | _a20150515d2015 |||y0rusy50 ca | ||
| 101 | 0 | _arus | |
| 102 | _aRU | ||
| 105 | _aa|||z|||000gy | ||
| 200 | 1 |
_aПризнание женщине _eода-сериал в 11 ¹/₂ частях _fС. Мячиков |
|
| 210 |
_aТюмень _c[б. и. _d2015] |
||
| 215 |
_a[12] с. _cцв. ил. _d15 |
||
| 686 | 2 | _aШ6(2=Р)8-5 | |
| 700 | 1 |
_7ca _8rus _aМячиков _bС. _f1970- _gСергей _9159192 _3RU\NLR\AUTH\770159233 |
|
| 801 | 0 |
_aRU _bРГБ _c20150326 _gRCR |
|
| 801 | 1 |
_aRU _bРГБ _c20150326 _2rusmarc |
|
| 942 | _cBOOK | ||
| 980 | _aNB | ||